Plant tissue culture : theory and practice (Record no. 31521)

MARC details
000 -LEADER
fixed length control field 00395nam a22001577a 4500
003 - CONTROL NUMBER IDENTIFIER
control field OSt
005 - DATE AND TIME OF LATEST TRANSACTION
control field 20220224100656.0
008 - FIXED-LENGTH DATA ELEMENTS--GENERAL INFORMATION
fixed length control field 220224b |||||||| |||| 00| 0 eng d
020 ## - INTERNATIONAL STANDARD BOOK NUMBER
International Standard Book Number 9789350300794
040 ## - CATALOGING SOURCE
Transcribing agency HU
082 ## - DEWEY DECIMAL CLASSIFICATION NUMBER
Classification number 631.53 KUM 2012
100 ## - MAIN ENTRY--PERSONAL NAME
Personal name Kumar, Dr.
9 (RLIN) 31190
245 ## - TITLE STATEMENT
Title Plant tissue culture : theory and practice
300 ## - PHYSICAL DESCRIPTION
Extent vi, 272 pages
Dimensions 25
Type of unit HC
942 ## - ADDED ENTRY ELEMENTS (KOHA)
Source of classification or shelving scheme Dewey Decimal Classification
Koha item type Books like text book referance book
Suppress in OPAC No
Holdings
Withdrawn status Lost status Source of classification or shelving scheme Damaged status Not for loan Collection code Home library Current library Shelving location Date acquired Total Checkouts Full call number Barcode Date last seen Copy number Price effective from Koha item type
    Dewey Decimal Classification     Non-fiction Wondo Genet Library Wondo Genet Library General Stacks 02/24/2022   631.53 KUM 2012 WGCFNRL00011098 02/24/2022 1 02/24/2022 Books like text book referance book
    Dewey Decimal Classification     Reference Wondo Genet Library Wondo Genet Library General Stacks 04/19/2022   571 5382 2012 WGCFNRL00019768 04/19/2022 2 04/19/2022 Books like text book referance book